000 00343pam a2200157a 44500
008 230515b2016 xxu||||| |||| 00| 0 eng d
020 _a9788121906548
041 _aENGLISH
082 _a621.1/KHU
100 _aKHURMI,GUPTA
245 _aSTEAM TABLE
250 _a0
260 _aDEHLI
_bS .CHAND
_c2016
300 _a24
650 _aNULL
999 _c611956
_d611956